[Event "Valdivia op 2nd"]
[Site "Valdivia"]
[Date "2021.09.18"]
[Round "3"]
[White "Soto Miranda, Ignacio Jesus"]
[Black "Caro Garcia Huidobro, Ismael"]
[Result "0-1"]
[WhiteElo "1586"]
[BlackElo "1894"]
[PlyCount "54"]
[EventDate "2021.09.16"]
[EventType "swiss"]
[EventRounds "6"]
[EventCountry "CHI"]
[SourceTitle "CBM 204 Extra"]
[Source "ChessBase"]
[SourceDate "2021.11.30"]
[SourceVersion "1"]
[SourceVersionDate "2021.11.30"]
[SourceQuality "1"]

1. d4 Nf6 2. c4 e6 3. Nf3 d5 4. cxd5 exd5 5. Bg5 Be7 6. Qc2 0-0 7. e3 Nbd7 8. Nc3 Re8 9. Be2 h6 10. Bf4 c6 11. Ne5 Nf8 12. 0-0 Bd6 13. Bg3 Qe7 14. a3 a5 15. Na4 N6d7 16. Nxc6 bxc6 17. Qxc6 Bxg3 18. Qxa8 Bd6 19. Qxd5 Nf6 20. Qxa5 Bb7 21. Nc5 Ba8 22. Rfc1 Ng6 23. Nd3 Nh4 24. Ne1 Ne4 25. Qh5 Nxf2 26. Kxf2 Qxe3+ 27. Kf1 Bxh2 0-1

[Event "South America-ch U14 16th"]
[Site "Buenos Aires"]
[Date "2019.12.02"]
[Round "2.3"]
[White "Soto Miranda, Ignacio Jesus"]
[Black "Varillas Jimenes, Ivan"]
[Result "0-1"]
[WhiteElo "1672"]
[BlackElo "2014"]
[PlyCount "83"]
[EventDate "2019.12.01"]
[EventType "swiss"]
[EventRounds "9"]
[EventCountry "ARG"]
[SourceTitle "EXT 2024"]
[Source "ChessBase"]
[SourceDate "2023.10.10"]
[SourceVersion "1"]
[SourceVersionDate "2023.10.10"]
[SourceQuality "1"]

1. d4 g6 2. c4 Bg7 3. Nc3 c5 4. d5 d6 5. e4 Nf6 6. Nge2 0-0 7. Ng3 e6 8. Be2 exd5 9. cxd5 Na6 10. 0-0 Nc7 11. Bg5 Rb8 12. a4 h6 13. Be3 b6 14. Qd2 Kh7 15. Nb5 a6 16. Na7 Bb7 17. Nc6 Bxc6 18. dxc6 d5 19. Bf4 Rc8 20. e5 Ne4 21. Qc2 Nxg3 22. hxg3 Qe8 23. Bg4 Ne6 24. Qd3 Qxc6 25. Qxa6 Ra8 26. Qd3 c4 27. Qc2 Nd4 28. Qc3 Nb3 29. Ra3 Nc5 30. a5 b5 31. Be2 Ne6 32. Bf3 Rfd8 33. Rd1 Bf8 34. Raa1 b4 35. Qd2 Qb5 36. a6 Rxa6 37. Rxa6 Qxa6 38. Qc2 Qb5 39. Bg4 d4 40. Bxe6 fxe6 41. Qe4 Qd5 42. Qb1 0-1